书目信息 |
| 题名: |
英文科技写作
|
|
| 作者: | 熊第霖 , 滕弘飞 编著 | |
| 分册: | ||
| 出版信息: | 北京 国防工业出版社 2001.05 |
|
| 页数: | 316页 | |
| 开本: | 21cm | |
| 丛书名: | ||
| 单 册: | ||
| 中图分类: | H315 | |
| 科图分类: | ||
| 主题词: | 科学技术--英语--写作 | |
| 电子资源: | ||
| ISBN: | 7-118-02458-9 | |
| 000 | 01126nam0 2200265 450 | |
| 001 | 0100007000 | |
| 005 | 20050912100142.09 | |
| 010 | @a7-118-02458-9@dCNY15.00 | |
| 100 | @a20050912d2001 km y0chiy0120 ea | |
| 101 | 0 | @achi |
| 102 | @aCN@b110000 | |
| 105 | @aa a 000yy | |
| 200 | 1 | @a英文科技写作@AYing Wen Ke Ji Xie Zuo@d= Scientific and technical writing in English@f熊第霖, 滕弘飞编著@Fxiong di lin,teng hong fei bian zhu@zeng |
| 210 | @a北京@c国防工业出版社@d2001.05 | |
| 215 | @a316页@c图@d21cm | |
| 320 | @a有书目。 | |
| 330 | @a本书内容包括两部分:英文科技写作的一般特点及要求;科技应用文及科技论文写作规范及方法要点,内容深广度适应国家对理工科学生英文写作的要求;能撰写毕业论文的英文标题与摘要,能用英文撰写科技论文。为了具体深入地阐述科技写作规范与方法,各章都由浅入深地安排了成套实例。 | |
| 333 | @a理工科本科学生、研究生及科技工作者。 | |
| 510 | 1 | @aScientific and technical writing in English@zeng |
| 606 | 0 | @a科学技术@x英语@x写作 |
| 690 | @aH315@v4 | |
| 701 | 0 | @a熊第霖@Axiong di lin@4编著 |
| 701 | 0 | @a滕弘飞@Ateng hong fei@4编著 |
| 801 | 0 | @aCN@bQSSK@c20050912 |
| 905 | @a10447@dH315@eX636 | |
| 英文科技写作= Scientific and technical writing in English/熊第霖, 滕弘飞编著.-北京:国防工业出版社,2001.05 |
| 316页:图;21cm |
| 使用对象:理工科本科学生、研究生及科技工作者。 |
| ISBN 7-118-02458-9:CNY15.00 |
| 本书内容包括两部分:英文科技写作的一般特点及要求;科技应用文及科技论文写作规范及方法要点,内容深广度适应国家对理工科学生英文写作的要求;能撰写毕业论文的英文标题与摘要,能用英文撰写科技论文。为了具体深入地阐述科技写作规范与方法,各章都由浅入深地安排了成套实例。 |
| ● |
| 相关链接 |
|
|
|
正题名:英文科技写作
索取号:H315/X636
 
预约/预借
| 序号 | 登录号 | 条形码 | 馆藏地/架位号 | 状态 | 备注 |
| 1 | 568852 | 205688521 | 语言库209/209语言库 38排3列4层/ [索取号:H315/X636] | 在馆 | |
| 2 | 568853 | 205688530 | 语言库209/209语言库 38排3列4层/ [索取号:H315/X636] | 在馆 | |
| 3 | 568854 | 205688549 | 语言库209/209语言库 38排3列4层/ [索取号:H315/X636] | 在馆 |